| 000 | 02096cam a2200253 i 4500 | ||
|---|---|---|---|
| 008 | 190425s2018 stka b 001 0 eng c | ||
| 020 | _a9780702071843 (pbk.) | ||
| 020 | _a0702071846 (pbk.) | ||
| 050 | 0 | 0 |
_aRM161 _b.H684 2018 |
| 050 | 1 | 4 |
_aRC735.3 _b.H68 2018 |
| 082 | 0 | 0 | _a615.8/2 |
| 100 | 1 | _aHough, Alexandra, | |
| 245 | 1 | 0 |
_aHough's cardiorespiratory care : _ban evidence-based, problem-solving approach / _cAlexandra Hough, MSc, MCSP, DipTP (respiratory physiotherapist and freelance lecturer). |
| 250 | _aFifth edition. | ||
| 300 |
_ax, 602 pages : _billustrations |
||
| 500 | _aPreceded by Physiotherapy in respiratory and cardiac care / Alexandra Hough. 4th ed. 2014. | ||
| 520 | _aThe latest edition of this must-have text book promises an evidence-based and practical approach covering the very latest in cardiorespiratory care. The textbook covers a wide range of cardiorespiratory conditions and discusses treatment of patients in different clinical settings such as critical care, the ward area and out-patient departments. It begins with physiology and pathology and progresses into a detailed patient assessment section and a discussion of specific respiratory and cardiac conditions. The final section covers different groups of people who may require physiotherapy such as infants, children, and adults with specific conditions including a considered section on palliative care. Critical thinking is facilitated by clinical reasoning boxes in the text, and problem-solving is aided by case studies at the end of each chapter. There are also relevant practice tips to enable transfer of learning into the clinical environment. The text is supported by over 280 line drawings and diagrams along with over 70 x-rays and photographs to further illustrate the points under discussion.-- | ||
| 650 | 0 |
_aRespiratory organs _xDiseases _xPhysical therapy. |
|
| 650 | 0 |
_aHeart _xDiseases _xPhysical therapy. |
|
| 650 | 1 | 2 |
_aRespiration Disorders _xrehabilitation. |
| 650 | 2 | 2 | _aPhysical Therapy Modalities. |
| 650 | 7 |
_aRespiratory organs _xDiseases _xPhysical therapy. |
|
| 942 | _cBK | ||
| 999 |
_c1980 _d1980 |
||